000
00350nam a2200169Ia 4500
100
_a
Wanda Nash
650
_a
Philosophy
942
_c
BK
366
_f
25
654
_a
stress
245
_a
At Ease with Stress
260
_b
Better Yourself Books
_a
Bandra
_c
2004
082
_a
170/SAM
_b
SAM
300
_a
187
546
_a
ENGLISH
999
_c
18766
_d
18766